00488nam a2200145Ia 4500008004100000020001800041082001200059100002400071245005500095260001100150500002100161942000700182952013800189999001500327260604s9999 xx 000 0 und d a9781444947281 a808 BLY aBLYTON, ENID935338 0aTHE MAGIC FARAWAY TREE: ADVENTURE OF THE GOBLIN DO bHACHET aMagic, Adventure cBK 00104070aIIMVbIIMVcChildren Collectiond2026-06-04g499.00l0o808 BLYp003741r2026-06-04 10:19:02v499.00w2026-06-04yBKBBLY c8123d8123